|
|
|
|
| LEADER |
00000ny a22000003n 4500 |
| 005 |
2011052400020.0 |
| 008 |
050523t2005 sp p 000 0 spa c |
| 017 |
|
|
|a D.L. SE.2365-2005
|
| 020 |
|
|
|a 8497726685
|
| 035 |
|
|
|a 1263
|
| 040 |
|
|
|a UMA.RE
|d vLex
|
| 040 |
|
|
|a UPO
|d vLex
|
| 080 |
|
|
|a 343.542.1-053.2(460)(0.034)
|
| 090 |
|
|
|c 194
|d 194
|
| 100 |
1 |
|
|a Morillas Fernǹdez, David Lorenzo
|
| 245 |
1 |
0 |
|a Anl̀isis dogmt̀ico y criminolg̤ico de los delitos de pornografa̕ infantil
|h [Recurso electrn̤ico]
|b especial consideracin̤ de las modalidades comisivas relacionadas con Internet /
|c David Lorenzo Morillas
|
| 256 |
|
|
|a Servicio en ln̕ea
|
| 260 |
|
|
|a Madrid :
|b Dykinson,
|c D.L. 2005
|
| 300 |
|
|
|a 514 p. ;
|c 21 cm
|
| 500 |
|
|
|a Basado en la tesis del autor
|
| 504 |
|
|
|a Bibliografa̕ e n̕dice
|
| 506 |
1 |
|
|a Contenido solo disponible en los productos indicados
|d vLex Global
|d vLex Global (Academic Edition, excluding Law Schools)
|d vLex Global (U.S. Academic Edition, Law Schools)
|d vLex Global (U.S. Academic Edition, excluding Law Schools)
|d vLex Global (Academic Edition, Law Schools)
|
| 650 |
0 |
7 |
|a Penal
|2 Tesauro vLex
|
| 650 |
0 |
7 |
|a Delito
|2 Tesauro vLex
|
| 650 |
0 |
7 |
|a Delitos de pornografa̕ infantil
|2 Tesauro vLex
|
| 650 |
0 |
7 |
|a Filosofa̕ del derecho
|2 Tesauro vLex
|
| 650 |
0 |
7 |
|a Corrupcin̤ de menores
|2 Tesauro vLex
|
| 650 |
0 |
7 |
|a Pornografa̕
|2 Tesauro vLex
|
| 650 |
0 |
7 |
|a Delitos contra la libertad sexual
|2 Tesauro vLex
|
| 740 |
0 |
|
|a vLex Libros (Servicios en ln̕ea)
|
| 856 |
4 |
0 |
|u http://vlex.com/source/1263
|z Acceso restringido
|
| 942 |
|
|
|c BOOK
|
| 999 |
0 |
|
|a Criminal law
|b Madrid
|
| 999 |
0 |
|
|a Law--Philosophy
|b Madrid
|